| 000 | 00493nam a2200133 a 4500 | ||
|---|---|---|---|
| 008 | 120416s1949 ||||||||||||||||| || u | ||
| 050 | _aHD 990.Z2 All | ||
| 100 | _aAllan, William | ||
| 245 | 1 | 0 | _aStudies in African land usage in Northern Rhodesia |
| 260 |
_aLondon _bGeoffrey Cumberlege/O.U.P _c1949 |
||
| 300 | _a(vi), 85p. : ill. | ||
| 350 | _a0.00 | ||
| 995 |
_D0.00 _FCBU-MAIN LIBRARY (Kitwe) _H1 _I0.00 _M1 _UAVAILABLE _ZZambiana Collection |
||
| 999 |
_c58777 _d58777 |
||